Problémy riešenia ochrany dát a informačných systémov : Diplomová práca

Salvato in:
Dettagli Bibliografici
Autore principale: Mäsiarová-Balková, Alžbeta (Autore)
Altri autori: Baranovič, Tibor (xxx)
Natura: Manoscritto Libro
Lingua:slovacco
Pubblicazione: Trnava : STU v Bratislave MtF KAIA, 1994
Soggetti:
Tags: Aggiungi Tag
Nessun Tag, puoi essere il primo ad aggiungerne!!

MARC

LEADER 00000ntm a22000003a 4500
001 stu61160
005 20160719155121.6
008 010910s1994----xo------------------slo-d
040 |a STU  |b slo 
041 0 |a slo 
044 |a xo 
100 1 |a Mäsiarová-Balková, Alžbeta  |4 aut 
245 1 |a Problémy riešenia ochrany dát a informačných systémov :  |b Diplomová práca 
260 |a Trnava :  |b STU v Bratislave MtF KAIA,  |c 1994 
300 |a 53 s 
650 7 |a Dáta-ochrana  |2 stusub 
650 7 |a Strojárska aplikovaná informatika  |2 stusub 
650 7 |a bezpečnosť informačných systémov  |2 stusub 
700 1 |a Baranovič, Tibor  |4 xxx 
996 |b 284M033190  |c M*DP-1274  |l MMSKP  |s P  |a 0  |w stu61160_0001